|
|
|
|
| LEADER |
00000nam0a2200000 4500 |
| 001 |
136432 |
| 005 |
20231101220622.0 |
| 035 |
|
|
|a (RuTPU)RU\TPU\book\147867
|
| 090 |
|
|
|a 136432
|
| 100 |
|
|
|a 20080423d2007 m y0rusy50 ca
|
| 101 |
0 |
|
|a rus
|
| 102 |
|
|
|a RU
|
| 105 |
|
|
|a a j 001zy
|
| 200 |
1 |
|
|a Информационные системы в экономике
|e учебное пособие
|f Н. Л. Борщева
|g Томский политехнический университет (ТПУ)
|
| 210 |
|
|
|a Томск
|c Изд-во ТПУ
|d 2007
|
| 215 |
|
|
|a 115 с.
|c ил.
|
| 225 |
1 |
|
|a Учебники Томского политехнического университета
|
| 320 |
|
|
|a Библиографический список: с. 113.
|
| 330 |
|
|
|a В учебном пособии рассматриваются: методологические основы разработки и использования автоматизированных информационных систем и технологий в экономике, классификация, состав и структура информационного обеспечения автоматизированных информационных технологий и систем, особенности распределенной обработки данных. Учебное пособие предназначено для студентов направления 521600 «Экономика» и специальностей 060500 «Бухгалтерский учет и аудит», 060700 «Национальная экономика».
|
| 452 |
|
1 |
|0 (RuTPU)RU\TPU\book\146042
|t Информационные системы в экономике
|o учебное пособие
|f Н. Л. Борщева
|g Томский политехнический университет (ТПУ)
|c Томск
|n Изд-во ТПУ
|d 2007
|a Борщева, Наталья Леонидовна
|
| 606 |
1 |
|
|a Экономические информационные системы
|2 stltpush
|3 (RuTPU)RU\TPU\subj\71394
|9 85329
|
| 610 |
1 |
|
|a экономика
|
| 610 |
1 |
|
|a информационные системы
|
| 610 |
1 |
|
|a экономическая информация
|
| 610 |
1 |
|
|a АИС
|
| 610 |
1 |
|
|a автоматизированные информационные системы
|
| 610 |
1 |
|
|a информационные технологии
|
| 610 |
1 |
|
|a информационная безопасность
|
| 610 |
1 |
|
|a учебные пособия
|
| 686 |
|
|
|a У9(2)39я73
|v LBC/SL-A
|2 rubbk
|
| 700 |
|
1 |
|a Борщева
|b Н. Л.
|g Наталья Леонидовна
|
| 712 |
0 |
2 |
|a Томский политехнический университет (ТПУ)
|c (1991- )
|2 stltpush
|3 (RuTPU)RU\TPU\col\376
|
| 801 |
|
1 |
|a RU
|b 63413507
|c 20080423
|g PSBO
|
| 801 |
|
2 |
|a RU
|b 63413507
|c 20181214
|g PSBO
|
| 942 |
|
|
|c BK
|